000 00336nam a2200133 a 4500
005 20140414132101.0
008 100719s19uu xx 00 eng d
050 _aER
_bB43 1979
100 _aIsadora, Rachel
245 _aBen's trumpet.
260 _aNew York :
_bScholastic,
_c1979.
650 _aMusical instruments
999 _c114458
_d114458